000 01177nam a2200289 4500
005 20240530110410.0
008 150215s2011 ua oc a 001 0 ara d
017 _a10795/2010
_2مصر . دار الكتب المصرية
020 _a9771418912
040 _aEG-CaGPL
041 0 _aara
082 0 4 _221
_a613.04
_bط/ن ط
100 1 _aجريتهيد ، هيلين
_qهيلين جريتهيد
245 1 2 _aالرياضة واللياقة /
_cتاليف هيلين جريتهيد ؛ ترجمة عواطف علاء الدين ؛ اشراف داليا محمد ابراهيم
250 _aط1
260 _aالقاهرة
_bنهضة مصر للطباعة والنشر والتوزيع ،
_c2011
300 _a44 ص :
_bايض ؛
_c30 سم
490 0 _aطريقك الى النمو
650 0 4 _aالرياضة البدنية
650 0 4 _aاللياقة البدنية
650 0 4 _aالالعاب الرياضية
650 0 4 _aالتمرينات الرياضية
700 0 _aعواطف علاءالدين عمر
_eمترجم
700 0 _aداليا محمد ابراهيم
_eمشرف
942 _2ddc
_cBK
999 _c60445
_d60445